عرض عادي
عرض مارك
- الفقه الإسلامي
مدخل مصطلح موضوعي
001 - رقم الضبط
- حقل الضبط: 21792
003 - معرف رقم الضبط
- حقل الضبط: OSt
005 - تاريخ ووقت أخر عملية
- حقل الضبط: 20130225142221.0
008 - عناصر بيانات ثابتة الطول
- حقل تحكم ثابت الطول: 130225|||a|||||| | ||| d
040 ## - مصدر الفهرسة
- هيئة الفهرسة الأصلية: OSt
- وكالة الكتابة: OSt
150 ## - مدخل-- مصطلح تاريخي
- عنصر مدخل المصطلح الموضوعي او الاسم الجغرافي: الفقه الإسلامي
- تفريع شكلي: مصادر
670 ## - بيانات المصدر موجوده
- الاستشهاد بالمصدر: Work cat.: (OSt): 21628 محمود، شريف محسن., مصادر تشريع الأحكام في الفقه الإسلامي :, [إيداع 2006
